000 01638nam a22002417a 4500
999 _c58414
_d58414
003 Ge_BSU
005 20220121133537.0
008 220121s ge ||||| |||| 00| 0 geo d
041 _ageo
080 _a94 ნ-14
100 _aნაგერვაძე, ზურაბ
_913424
245 _aმაჭახლის ხეობის ისტორიულ-არქეოლოგიური ასპექტები :
_bდისერტაცია /
_cზურაბ ნაგერვაძე; სამეცნიერო ხელმძღვანელი ბიჭიკო დიასამიძე, ოთარ გოგოლიშვილი; ბათუმის შოთა რუსთაველის სახელმწიფო უნივერსიტეტი.
264 _aბათუმი,
_c2021.
300 _a291 გვ.
_b30 სმ.
504 _aბიბლიოგრ. გვ. 283-291
653 _aმაჭახლის ხეობის ისტორიულ-არქეოლოგიური ასპექტები
653 _aისტორია
653 _aდისერტაცია
700 _aდიასამიძე, ბიჭიკო
_eსამეცნიერო ხელმძღვანელი
_913425
700 _aგოგოლიშვილი, ოთარ
_eსამეცნიერო ხელმძღვანელი
_9930
710 _aბათუმის შოთა რუსთაველის სახელმწიფო უნივერსიტეტი.
_913426
942 _2udc
_cBK